| 000 | 00715nam a2200217 a 4500 | ||
|---|---|---|---|
| 005 | 20230218063634.0 | ||
| 008 | 170614s2015 mx r 000 0 spa d | ||
| 020 | _a9786070264269 | ||
| 035 | _aUPN01000218720 | ||
| 049 | _aCG | ||
| 050 | 4 |
_aHM1271 _bV5.7 |
|
| 245 | 0 | 0 |
_aVisiones interdisciplinarias de la diversidad cultural / _ccoord. Mónica Gómez Salazar. |
| 260 |
_aMéxico : _bUNAM, _c2015. |
||
| 300 |
_a78 p. : _bgráfs., cuadros |
||
| 440 | 0 |
_aColección del Seminario de Investigación sobre Sociedad del Conocimiento ; _v7 |
|
| 650 | 2 |
_aPluralismo intercultural _91176 |
|
| 650 | 4 |
_aMulticulturalismo _95798 |
|
| 700 | 1 |
_aGómez Salazar, Mónica, _ecoord. |
|
| 905 | _aLibro | ||
| 999 |
_c190820 _d190820 |
||